LEADER 00830nam a2200217 i 4500 001 000000247379 003 CaOOAMICUS 005 20170824000000.0 008 170824s1919 it u000 u ita u 013 $a226284 040 $aSeMil$bita 100 1 $aGalbiati, Benedetto.$0(OLS)http://semarc/name/48868 245 13$aIl cardinale di Milano /$cBenedetto Galbiati. 260 $aMilano :$bVita e Pensiero,$c1919. 300 $a48 p. :$bill. ;$c24 cm. 600 14$aFerrari, Andrea Carlo .$0(OLS)http://semarc/subject/1361 850 $aSeMil 852 $aSeMil$W1$xVenegono$y1$m5A X 3/15$j197725$B197725$CSeMilBibl$Z2$F208778 $81 961 $aRecupero: Altro 996 $6245$aIl cardinale di Milano$9(OLS)http://semarc/title/409833 996 $6260$aMilano :$bVita e Pensiero$9(OLS)http://semarc/publisher/29642 LEADER 01182nam a2200265 i 4500 001 000000076501 003 CaOOAMICUS 005 20230918142522.0 008 151209s1887 it u000 u ita u 013 $a47673 040 $aSeMil$bita 245 10$aCodice necrologico-liturgico del monastero di S. Salvatore o S. Giulia in Brescia /$ctrascritto ed illustrato da Andrea Valentini. 260 $aBrescia :$bTipografia F. Apollonio,$c1887. 300 $a328 p., [4] c. di tav. :$bfacs. ;$c34 cm. 500 $aFondo Bidoglio. 650 4$aBrescia - Monastero di Santa Giulia.$0(OLS)http://semarc/subject/9868 650 4$aBrescia - Monastero di San Salvatore.$0(OLS)http://semarc/subject/54410 700 1 $aValentini, Andrea.$0(OLS)http://semarc/name/37697 850 $aSeMil 852 $aSeMil$W1$xVenegono$y1$m3K VI 9 FA$j42653$B42653$CSeMilBibl$Z2$F43157 $8I 941 1 $a2 961 $aLascito: Bidoglio don Maurizio 996 $6245$aCodice necrologico-liturgico del monastero di S. Salvatore o S. Giulia in Brescia$9(OLS)http://semarc/title/124017 996 $6260$aBrescia :$bTipografia F. Apollonio$9(OLS)http://semarc/publisher/43304